|
|
|
|
| LEADER |
01473nam a2200397 a 4500 |
| 001 |
EBC470098 |
| 003 |
MiAaPQ |
| 005 |
20200520144314.0 |
| 006 |
m o d | |
| 007 |
cr cn||||||||| |
| 008 |
071210s2008 enka sb 001 0 eng |
| 010 |
|
|
|z 2007049349
|
| 015 |
|
|
|a GBA781543
|2 bnb
|
| 016 |
7 |
|
|z 014057101
|2 Uk
|
| 020 |
|
|
|z 9780470519721 (cloth)
|
| 020 |
|
|
|z 047051972X (cloth)
|
| 035 |
|
|
|a (MiAaPQ)EBC470098
|
| 035 |
|
|
|a (Au-PeEL)EBL470098
|
| 035 |
|
|
|a (CaPaEBR)ebr10300510
|
| 035 |
|
|
|a (CaONFJC)MIL234973
|
| 035 |
|
|
|a (OCoLC)609848636
|
| 040 |
|
|
|a MiAaPQ
|c MiAaPQ
|d MiAaPQ
|
| 043 |
|
|
|a d------
|
| 050 |
|
4 |
|a HE8635
|b .B87 2008
|
| 082 |
0 |
4 |
|a 384/.041091724
|2 22
|
| 245 |
0 |
0 |
|a Business models for sustainable telecoms growth in developing economies
|h [electronic resource] /
|c Sanjay Kaul ... [et al.].
|
| 260 |
|
|
|a Chichester, England ;
|a Hoboken, NJ :
|b Wiley,
|c c2008.
|
| 300 |
|
|
|a xxvi, 369 p. :
|b ill.
|
| 504 |
|
|
|a Includes bibliographical references and index.
|
| 533 |
|
|
|a Electronic reproduction. Ann Arbor, MI : ProQuest, 2015. Available via World Wide Web. Access may be limited to ProQuest affiliated libraries.
|
| 650 |
|
0 |
|a Telecommunication
|z Developing countries.
|
| 650 |
|
0 |
|a Sustainable development
|z Developing countries.
|
| 655 |
|
4 |
|a Electronic books.
|
| 700 |
1 |
|
|a Kaul, Sanjay,
|d 1960-
|
| 710 |
2 |
|
|a ProQuest (Firm)
|
| 856 |
4 |
0 |
|u https://ebookcentral.proquest.com/lib/matrademy/detail.action?docID=470098
|z Click to View
|